Raad het ras Quiz Stats

 Plays Quiz not verified by Sporcle

Challenge
Share
Tweet
Score 0/10 Timer 10:00
0 Plays Today
% Correct
briard
100%
teckel
100%
entlebucher
71.4%
finse spits
71.4%
manchester terrier
57.1%
vizsla
57.1%
Cesky Fousek
42.9%
havanezer
42.9%
whippet
42.9%
Grand Bleu de Gascogne
28.6%

You're not logged in!

Compare scores with friends on all Sporcle quizzes.
OR
Log In

You Might Also Like...

Show Comments

Extras

Created Dec 26, 2011ReportNominate
Tags:het

Top Quizzes Today


Score Distribution

Your Account Isn't Verified!

In order to create a playlist on Sporcle, you need to verify the email address you used during registration. Go to your Sporcle Settings to finish the process.

Report this User

Report this user for behavior that violates our Community Guidelines.

Details: